[Event "Preferente Aragonesa Grupo B"]
[Site "Aragon"]
[Date "2017.03.25"]
[Round "9.72"]
[White "Gomez Salinas, Nestor"]
[Black "Martinez Carnicer, Eduardo"]
[Result "1-0"]
[WhiteElo "1951"]
[BlackElo "1822"]
[PlyCount "73"]
[EventDate "2017.01.28"]
[WhiteTeam "Palacio de Pioneros B"]
[BlackTeam "Sabiñanigo"]

1. g4 d5 2. Bg2 c6 3. h3 e5 4. d4 e4 5. c4 Be6 6. Qb3 Qb6 7. Qxb6 axb6 8. Bd2
Na6 9. Nc3 Nc7 10. Bf4 Kd7 11. Bxc7 Kxc7 12. cxd5 cxd5 13. e3 Ne7 14. Rc1 Kd7
15. Nge2 Nc6 16. a3 Ra5 17. f3 exf3 18. Bxf3 Bd6 19. e4 dxe4 20. Bxe4 Bc4 21.
O-O Bb3 22. Rf5 g6 23. Rxa5 bxa5 24. Nb5 Bb8 25. Nec3 Re8 26. Bd5 Bxd5 27. Nxd5
Re2 28. Nb6+ Ke7 29. d5 Ne5 30. d6+ Bxd6 31. Nc8+ Kd7 32. Ncxd6 Nf3+ 33. Kf1
Rxb2 34. Rc7+ Ke6 35. Rxb7 Rb1+ 36. Kf2 Nd2 37. Ke2 1-0

[Event "Divison Honor - Titulo"]
[Site "?"]
[Date "2017.04.08"]
[Round "10.1"]
[White "Adla, Diego"]
[Black "Forcen Esteban, Daniel"]
[Result "1/2-1/2"]
[WhiteElo "2398"]
[BlackElo "2541"]
[PlyCount "64"]
[EventDate "2017.02.25"]
[WhiteTeam "St. Casablanca"]
[BlackTeam "Jaime Casas"]

1. c4 e5 2. Nc3 Nc6 3. g3 g6 4. Bg2 Bg7 5. e3 d6 6. Nge2 h5 7. h3 h4 8. g4 f5
9. gxf5 Bxf5 10. d3 Qd7 11. Nd5 O-O-O 12. Nec3 Kb8 13. b4 Nce7 14. b5 e4 15.
Rb1 exd3 16. e4 Re8 17. Qxd3 Nxd5 18. Nxd5 Nf6 19. Nxf6 Bxf6 20. O-O Be6 21. f4
Rhg8 22. Be3 g5 23. f5 Bf7 24. c5 g4 25. c6 Qd8 26. Bxa7+ Kxa7 27. Qa3+ Kb8 28.
Rb4 gxh3 29. Ra4 Bd4+ 30. Rf2 Bxf2+ 31. Kh2 Rxg2+ 32. Kh1 Rg1+ 1/2-1/2

[Event "Divison Honor - Titulo"]
[Site "?"]
[Date "2017.04.08"]
[Round "10.2"]
[White "Antoli Royo, Joaquin Miguel"]
[Black "Glavina, Pablo"]
[Result "1/2-1/2"]
[WhiteElo "2435"]
[BlackElo "2391"]
[PlyCount "87"]
[EventDate "2017.02.25"]
[WhiteTeam "Jaime Casas"]
[BlackTeam "St. Casablanca"]

1. e4 e5 2. Nf3 Nc6 3. Bc4 Nf6 4. d3 h6 5. O-O d6 6. c3 g6 7. d4 Qe7 8. Re1 Bg7
9. Nbd2 O-O 10. a4 Qd8 11. d5 Ne7 12. Bf1 a5 13. b4 axb4 14. cxb4 Nh5 15. Nc4
f5 16. exf5 Nxf5 17. Ra3 Nf6 18. a5 Bd7 19. Ne3 Ne7 20. b5 Be8 21. b6 Bf7 22.
bxc7 Qxc7 23. Nxe5 Rxa5 24. Nxf7 Rxf7 25. Rxa5 Qxa5 26. Nc4 Qc7 27. Ba3 Nexd5
28. Bxd6 Qc6 29. Ba3 Rc7 30. Ne5 Qc2 31. Bd6 Rc8 32. Qxc2 Rxc2 33. Bd3 Rd2 34.
Bxg6 Bf8 35. Bxf8 Kxf8 36. g3 b5 37. Ra1 Ke7 38. Nf3 Rb2 39. Ra7+ Kd6 40. Ra6+
Kc5 41. Ne5 Kd4 42. Nf3+ Kc5 43. Ne5 Kd4 44. Nf3+ 1/2-1/2

[Event "Divison Honor - Titulo"]
[Site "?"]
[Date "2017.04.08"]
[Round "10.3"]
[White "Lopez Gracia, Fernando"]
[Black "Ramiro Ovejero, Juan Luis"]
[Result "0-1"]
[WhiteElo "2302"]
[BlackElo "2386"]
[PlyCount "44"]
[EventDate "2017.02.25"]
[WhiteTeam "St. Casablanca"]
[BlackTeam "Jaime Casas"]

1. e4 c5 2. Nc3 a6 3. g3 b5 4. Bg2 Bb7 5. d3 e6 6. Nh3 b4 7. Ne2 d5 8. O-O dxe4
9. dxe4 Nd7 10. f4 Ngf6 11. Nf2 c4 12. g4 Bc5 13. Ng3 h5 14. gxh5 Nxh5 15. Nxh5
Qh4 16. Nxg7+ Ke7 17. h3 Rag8 18. Qf3 Rxg7 19. Be3 Rg3 20. Bxc5+ Nxc5 21. Qe2
Rhg8 22. Ng4 Qxh3 0-1

[Event "Divison Honor - Titulo"]
[Site "?"]
[Date "2017.04.08"]
[Round "10.4"]
[White "Quintin Navarro, Alberto"]
[Black "Goni Navarro, Pablo"]
[Result "1/2-1/2"]
[WhiteElo "2367"]
[BlackElo "2135"]
[PlyCount "124"]
[EventDate "2017.02.25"]
[WhiteTeam "Jaime Casas"]
[BlackTeam "St. Casablanca"]

1. e4 c5 2. Nf3 e6 3. d4 cxd4 4. Nxd4 Nc6 5. Nc3 Qc7 6. Be3 a6 7. Qf3 Nf6 8.
Qg3 Qxg3 9. hxg3 Ng4 10. Nxc6 Nxe3 11. Nd4 Nxf1 12. Kxf1 b5 13. Nb3 Bb7 14. Na5
Bc6 15. Nxc6 dxc6 16. e5 O-O-O 17. Ne4 Be7 18. Ke2 Rd4 19. Ke3 Rd5 20. f4 h6
21. a4 Kb7 22. axb5 cxb5 23. Rhd1 Rhd8 24. Rxd5 Rxd5 25. c3 Kb6 26. b4 h5 27.
Rh1 g6 28. g4 hxg4 29. Rh7 Rd7 30. Rxf7 Kc6 31. Ke2 Bh4 32. Rf8 Rd8 33. Rxd8
Bxd8 34. Nc5 Kd5 35. Kd3 g5 36. fxg5 Bxg5 37. Nxa6 Bd8 38. Nb8 Bc7 39. Nd7 g3
40. Nf6+ Kxe5 41. Ne4 Kd5 42. Nd2 Bb6 43. Ne4 Bc7 44. Ng5 Bd8 45. Nf3 Bb6 46.
Nd2 Ba7 47. c4+ bxc4+ 48. Nxc4 Bf2 49. b5 Kc5 50. b6 Kc6 51. Ke4 Bxb6 52. Nxb6
Kxb6 53. Ke5 Kc7 54. Kxe6 Kd8 55. Kf5 Ke7 56. Ke5 Kf7 57. Kd4 Kf6 58. Kd5 Kf5
59. Kd4 Kf4 60. Kd3 Kf5 61. Ke3 Ke5 62. Kf3 Kf5 1/2-1/2

[Event "Divison Honor - Titulo"]
[Site "?"]
[Date "2017.04.08"]
[Round "10.5"]
[White "Cifuentes Parada, Roberto"]
[Black "Gavin Roche, Enrique"]
[Result "1-0"]
[WhiteElo "2478"]
[BlackElo "2261"]
[PlyCount "131"]
[EventDate "2017.02.25"]
[WhiteTeam "Jaque"]
[BlackTeam "ONCE C.A. Aragon"]

1. d4 d5 2. Nf3 Nf6 3. c4 e6 4. e3 c5 5. cxd5 exd5 6. Bb5+ Bd7 7. Bxd7+ Nbxd7
8. b3 Qa5+ 9. Bd2 Qa6 10. Qe2 Qxe2+ 11. Kxe2 Bd6 12. Nc3 Rc8 13. Nb5 Bb8 14.
dxc5 Nxc5 15. Rac1 O-O 16. Bb4 b6 17. Rc2 a6 18. Nbd4 g6 19. Rhc1 Bd6 20. Be1
Ra8 21. b4 Na4 22. Rc6 Rfd8 23. Nd2 Ng4 24. N2f3 Nf6 25. h3 Kg7 26. a3 Ne4 27.
R6c2 Rd7 28. Nb3 Raa7 29. Nfd4 Rac7 30. f3 Nf6 31. Nc6 Rc8 32. Nbd4 Re8 33. Kd3
h5 34. Ne2 Rc7 35. Nc3 Nb2+ 36. Rxb2 Rxc6 37. Rbc2 Rec8 38. Bh4 Nd7 39. Nxd5
Ne5+ 40. Kd2 Nc4+ 41. Ke2 b5 42. Bf6+ Kf8 43. e4 Bf4 44. Nxf4 Rxf6 45. Nd5 Rd6
46. Ne3 Rcd8 47. Nxc4 bxc4 48. Rxc4 Rd2+ 49. Kf1 Ra2 50. Rc8 Rxc8 51. Rxc8+ Ke7
52. Rc7+ Kf8 53. Rc3 h4 54. f4 Ke7 55. f5 gxf5 56. exf5 Kd6 57. Re3 Kd5 58. f6
Kd4 59. Re7 Rxa3 60. Rxf7 Ke5 61. Rh7 Kxf6 62. Rxh4 Kg5 63. Rc4 Ra2 64. Kg1 Kh5
65. Rc5+ Kg6 66. Ra5 1-0

[Event "Divison Honor - Titulo"]
[Site "?"]
[Date "2017.04.08"]
[Round "10.6"]
[White "Cobo Garrido, Diego Israel"]
[Black "Gines Esteo, Pedro Antonio"]
[Result "0-1"]
[WhiteElo "2070"]
[BlackElo "2325"]
[PlyCount "86"]
[EventDate "2017.02.25"]
[WhiteTeam "ONCE C.A. Aragon"]
[BlackTeam "Jaque"]

1. e4 c6 2. d4 d5 3. exd5 cxd5 4. Bd3 Nc6 5. c3 Qc7 6. Ne2 e6 7. Bf4 Bd6 8.
Bxd6 Qxd6 9. O-O Bd7 10. Nd2 Nge7 11. Nf3 f6 12. c4 Nb4 13. cxd5 Nxd3 14. Qxd3
Nxd5 15. Nc3 O-O 16. Ne4 Qb6 17. Rfe1 Rad8 18. Nc5 Bc8 19. Qb3 Rfe8 20. Rac1
Qxb3 21. Nxb3 b6 22. Nbd2 Bb7 23. Ne4 Re7 24. a3 Kf7 25. Rc4 Nf4 26. Ned2 Ba6
27. Ra4 Bb5 28. Rb4 a6 29. Ra1 Nd5 30. Rb3 Ba4 31. Re3 Nxe3 32. fxe3 Rc8 33. b3
Bb5 34. Ra2 Rec7 35. Ne1 Rc1 36. Kf2 a5 37. Rb2 Rd1 38. a4 Ba6 39. Ne4 Ke7 40.
b4 Bb7 41. Ng3 axb4 42. Rxb4 Rd2+ 43. Kf1 Ba6+ 0-1

[Event "Divison Honor - Titulo"]
[Site "?"]
[Date "2017.04.08"]
[Round "10.7"]
[White "Gonzalez Gambau, Jorge"]
[Black "Latorre Abad, Fernando"]
[Result "1-0"]
[WhiteElo "2105"]
[BlackElo "2073"]
[PlyCount "45"]
[EventDate "2017.02.25"]
[WhiteTeam "Jaque"]
[BlackTeam "ONCE C.A. Aragon"]

1. e4 c5 2. Nc3 e6 3. g3 d5 4. exd5 exd5 5. Bg2 Nf6 6. d3 d4 7. Ne4 Nxe4 8.
Bxe4 Bd6 9. Ne2 O-O 10. O-O Nc6 11. Bg2 Bg4 12. h3 Be6 13. Bf4 Re8 14. Bxd6
Qxd6 15. Nf4 Bd7 16. Qf3 Re5 17. Rfe1 Rae8 18. Kf1 Nb4 19. Rxe5 Qxe5 20. Qd1 h6
21. a3 Qe1+ 22. Qxe1 Rxe1+ 23. Rxe1 1-0

[Event "Divison Honor - Titulo"]
[Site "?"]
[Date "2017.04.08"]
[Round "10.8"]
[White "Fuertes Garay, Javier"]
[Black "Ereza Vizcarra, Fernando"]
[Result "1-0"]
[WhiteElo "2085"]
[BlackElo "1981"]
[PlyCount "59"]
[EventDate "2017.02.25"]
[WhiteTeam "ONCE C.A. Aragon"]
[BlackTeam "Jaque"]

1. e4 d6 2. d4 Nf6 3. Nc3 Nbd7 4. Bg5 e5 5. Nf3 Be7 6. Bc4 O-O 7. O-O c6 8. a4
h6 9. Be3 b6 10. h3 a6 11. Qe2 Qc7 12. Rfd1 Re8 13. Ba2 Bb7 14. Nh4 b5 15. Nf5
Bf8 16. d5 b4 17. dxc6 Bxc6 18. Nd5 Nxd5 19. exd5 Bxa4 20. Qg4 Kh7 21. Qxb4
Qxc2 22. Nxh6 gxh6 23. Bb1 Qxb1 24. Rdxb1 Bb5 25. Qe4+ Kh8 26. Qh4 Kh7 27. Qh5
Bg7 28. Qf5+ Kh8 29. Qxf7 Nf6 30. Bxh6 1-0

[Event "Divison Honor - Titulo"]
[Site "?"]
[Date "2017.04.08"]
[Round "10.9"]
[White "Garza Marco, Sergio"]
[Black "Baron Rodriguez, Jesus"]
[Result "1-0"]
[WhiteElo "2398"]
[BlackElo "2430"]
[PlyCount "63"]
[EventDate "2017.02.25"]
[WhiteTeam "Helios"]
[BlackTeam "IberCaja"]

1. d4 d5 2. c4 e6 3. Nf3 c6 4. g3 Nf6 5. Bg2 Bb4+ 6. Bd2 Be7 7. O-O O-O 8. Nc3
dxc4 9. a4 Nbd7 10. e4 a5 11. Bf4 b6 12. d5 cxd5 13. exd5 exd5 14. Nxd5 Nxd5
15. Qxd5 Ba6 16. Nd4 Bf6 17. Nc6 Qc8 18. Bh3 Qb7 19. Bxd7 Bxb2 20. Rad1 Bf6 21.
Rfe1 c3 22. Ne7+ Bxe7 23. Bc6 Qa7 24. Bxa8 c2 25. Rc1 Bb4 26. Bc6 Bxe1 27. Rxe1
Rc8 28. Qe4 h6 29. Qxc2 Bb7 30. Qf5 g6 31. Qf6 Bxc6 32. Bxh6 1-0

[Event "Divison Honor - Titulo"]
[Site "?"]
[Date "2017.04.08"]
[Round "10.10"]
[White "Hefty, Jorge W"]
[Black "Guzman Moneo, Alberto"]
[Result "0-1"]
[WhiteElo "2369"]
[BlackElo "2219"]
[PlyCount "60"]
[EventDate "2017.02.25"]
[WhiteTeam "IberCaja"]
[BlackTeam "Helios"]

1. c4 e5 2. Nc3 Bb4 3. g3 Bxc3 4. bxc3 f5 5. Bg2 Nf6 6. Nf3 d6 7. O-O c5 8. d3
O-O 9. Qc2 Nc6 10. Rb1 Qe8 11. e4 fxe4 12. dxe4 Kh8 13. Nh4 Na5 14. Rd1 Nxc4
15. Bf1 Qf7 16. f3 Ne8 17. Qb3 Na5 18. Qa4 Nc6 19. Rb2 Be6 20. f4 exf4 21. Bxf4
Ne5 22. Bb5 Bg4 23. Rf1 Bh3 24. Rd1 Qe7 25. Bxe8 Raxe8 26. Qxa7 Rxf4 27. Rxb7
Nf3+ 28. Nxf3 Qxe4 29. Re7 Rxe7 30. Qb8+ Re8 0-1

[Event "Divison Honor - Titulo"]
[Site "?"]
[Date "2017.04.08"]
[Round "10.11"]
[White "Calvo Simon, Jorge"]
[Black "Martinez Cebolla, Alberto"]
[Result "1/2-1/2"]
[WhiteElo "2142"]
[BlackElo "2045"]
[PlyCount "65"]
[EventDate "2017.02.25"]
[WhiteTeam "Helios"]
[BlackTeam "IberCaja"]

1. e4 e5 2. Nf3 Nc6 3. Bc4 Nf6 4. d3 Bc5 5. c3 d6 6. h3 h6 7. Nbd2 O-O 8. O-O
a6 9. Bb3 Ba7 10. Re1 Ne7 11. Nf1 Ng6 12. Ng3 c6 13. d4 Re8 14. Be3 c5 15. dxc5
dxc5 16. Qxd8 Rxd8 17. Rad1 Be6 18. Bxe6 fxe6 19. Nd2 Nf4 20. Nc4 Nd3 21. Re2
b5 22. Na5 Bb6 23. Nc6 Rd7 24. Red2 Rc7 25. Rxd3 Rxc6 26. Rd6 Rac8 27. f3 Kf7
28. Ne2 Ke7 29. R6d2 c4 30. Kf2 Bxe3+ 31. Kxe3 R8c7 32. b3 Rd7 33. b4 1/2-1/2

[Event "Divison Honor - Titulo"]
[Site "?"]
[Date "2017.04.08"]
[Round "10.12"]
[White "Torcal Miguel, Oscar"]
[Black "Aparicio Navarro, Pedro"]
[Result "0-1"]
[WhiteElo "1980"]
[BlackElo "2135"]
[PlyCount "60"]
[EventDate "2017.02.25"]
[WhiteTeam "IberCaja"]
[BlackTeam "Helios"]

1. e4 c5 2. Nf3 Nc6 3. d4 cxd4 4. Nxd4 g6 5. Nc3 Bg7 6. Be3 Nf6 7. Bc4 O-O 8.
Bb3 d6 9. f3 Bd7 10. Qd2 Na5 11. O-O-O Rc8 12. g4 Nc4 13. Bxc4 Rxc4 14. Kb1 a6
15. h4 Qc7 16. g5 Nh5 17. Nd5 Qd8 18. Nb3 Be6 19. Bb6 Qd7 20. Na5 Bxd5 21. Qxd5
Rb4 22. Nc4 Nf4 23. Qc5 Qa4 24. Qe3 Rxc4 25. b3 Qa3 26. Bd4 Rxd4 27. Rxd4 Bxd4
28. Qxd4 Rc8 29. Qd2 Nh5 30. f4 Qc5 0-1

[Event "Division Honor  - Descenso"]
[Site "?"]
[Date "2017.04.08"]
[Round "10.13"]
[White "Moreno Gracia, Daniel"]
[Black "Garcia Fernandez, Javier"]
[Result "1-0"]
[WhiteElo "2318"]
[BlackElo "2166"]
[PlyCount "57"]
[EventDate "2017.02.25"]
[WhiteTeam "L'Aurora Estadilla"]
[BlackTeam "Teruel"]

1. c4 c5 2. Nc3 Nc6 3. e3 Nf6 4. d4 cxd4 5. exd4 d5 6. Bg5 e6 7. Nf3 Be7 8. Bd3
O-O 9. O-O dxc4 10. Bxc4 h6 11. Bf4 Nb4 12. Ne5 Nbd5 13. Bg3 Bd7 14. Re1 Rc8
15. Qe2 Bb4 16. Rac1 a6 17. Qd3 b5 18. Bb3 Ba5 19. Bh4 g5 20. Bg3 Nxc3 21. bxc3
Nd5 22. Qf3 Rxc3 23. Rxc3 Bxc3 24. Rd1 b4 25. Qh5 Kg7 26. Ng4 Rh8 27. Bxd5 exd5
28. Be5+ Kg8 29. Nxh6+ 1-0

[Event "Division Honor  - Descenso"]
[Site "?"]
[Date "2017.04.08"]
[Round "10.14"]
[White "Martin Catalan, Juan Vicente"]
[Black "Cid Royo, Oscar"]
[Result "1-0"]
[WhiteElo "2059"]
[BlackElo "2044"]
[PlyCount "135"]
[EventDate "2017.02.25"]
[WhiteTeam "Teruel"]
[BlackTeam "L'Aurora Estadilla"]

1. d4 d5 2. Bf4 c6 3. c3 Nf6 4. Nf3 Qb6 5. Qc2 g6 6. Nbd2 Bf5 7. Qb3 Bg7 8. h3
h6 9. e3 Qxb3 10. axb3 g5 11. Bxb8 Rxb8 12. Be2 a6 13. O-O Nd7 14. b4 e5 15.
Nb3 Be6 16. dxe5 Nxe5 17. Nxe5 Bxe5 18. Nd4 Bd7 19. Bg4 h5 20. Bxd7+ Kxd7 21.
g3 Rbe8 22. Rfe1 Rhf8 23. Nf3 g4 24. hxg4 hxg4 25. Nxe5+ Rxe5 26. Red1 Rh8 27.
Kf1 Rh2 28. Ke2 Rf5 29. Rf1 Rf3 30. Ke1 Ke6 31. Rd1 Ke5 32. Rd4 f5 33. Rd1 Rg2
34. Ra1 Kd6 35. Ra5 Rh2 36. Ra1 c5 37. bxc5+ Kxc5 38. Ra4 Rh6 39. Rd4 a5 40.
b4+ axb4 41. Rxb4 b5 42. Ke2 Ra6 43. Rfb1 Ra2+ 44. R1b2 Ra5 45. Kd3 Kc6 46. Kd4
Ra1 47. Rxb5 Rd1+ 48. Ke5 Rf1 49. Rxd5 R1xf2 50. Rxf2 Rxf2 51. Rd6+ Kc5 52. Rf6
Rf3 53. Rxf5 Kc4 54. Rf4+ Kxc3 55. Rxg4 Rxe3+ 56. Kf4 Kd4 57. Rg5 Re1 58. Rf5
Rf1+ 59. Kg5 Rh1 60. g4 Rg1 61. Kh5 Ke4 62. Ra5 Rb1 63. Kg6 Rb8 64. g5 Kf4 65.
Kh7 Rb7+ 66. Kh6 Rb1 67. g6 Kg4 68. g7 1-0

[Event "Division Honor  - Descenso"]
[Site "?"]
[Date "2017.04.08"]
[Round "10.15"]
[White "Pellicer Cerezuela, Miguel"]
[Black "Arpa Pardos, Emilio"]
[Result "0-1"]
[WhiteElo "2023"]
[BlackElo "1972"]
[PlyCount "100"]
[EventDate "2017.02.25"]
[WhiteTeam "L'Aurora Estadilla"]
[BlackTeam "Teruel"]

1. Nf3 Nf6 2. b3 g6 3. Bb2 Bg7 4. g3 b6 5. Bg2 Bb7 6. O-O c5 7. d3 O-O 8. Nbd2
Re8 9. e4 Nxe4 10. Bxg7 Nxd2 11. Qxd2 Kxg7 12. Qf4 Nc6 13. Rfe1 Qb8 14. Qg4 d5
15. c3 Qd6 16. Nh4 e6 17. f4 f5 18. Qh3 h6 19. Rf1 Rad8 20. g4 Qe7 21. gxf5
exf5 22. Rf3 Rd6 23. Rg3 Kh7 24. Rf1 Bc8 25. Kh1 d4 26. Nxg6 Rxg6 27. Rxg6 Kxg6
28. Bxc6 Rf8 29. Qg3+ Kh7 30. Re1 Qc7 31. Bd5 Bb7 32. c4 Bxd5+ 33. cxd5 Qd6 34.
Re5 Rf7 35. Qh3 Qg6 36. Re6 Rf6 37. Re7+ Rf7 38. Rxf7+ Qxf7 39. Qf3 Qe7 40. Kg2
Kg8 41. Qh5 Qf6 42. Qe8+ Kg7 43. Qc6 Qe7 44. Kf1 Qe3 45. Qc7+ Kg6 46. Qe5 Qxd3+
47. Kg2 Qe4+ 48. Kf2 Qxe5 49. fxe5 b5 50. Ke2 c4 0-1

[Event "Division Honor  - Descenso"]
[Site "?"]
[Date "2017.04.08"]
[Round "10.16"]
[White "Abancens Fernandez, Bernardo"]
[Black "Pellicer Cemeli, Jose Luis"]
[Result "1/2-1/2"]
[WhiteElo "1858"]
[BlackElo "1967"]
[PlyCount "119"]
[EventDate "2017.02.25"]
[WhiteTeam "Teruel"]
[BlackTeam "L'Aurora Estadilla"]

1. d4 e6 2. c4 f5 3. Nc3 Nf6 4. Qc2 d5 5. f3 c6 6. e3 Bd6 7. Bd3 O-O 8. Nge2
Na6 9. a3 Nc7 10. c5 Be7 11. O-O Bd7 12. b4 Be8 13. Bd2 h6 14. a4 Bg6 15. g4
Bh7 16. gxf5 exf5 17. Kh1 Nh5 18. Rg1 Ne6 19. Ng3 Nxg3+ 20. Rxg3 Bh4 21. Rg2
Ng5 22. Rf1 Qe7 23. Ne2 Rf7 24. Ng3 Raf8 25. Nh5 Kh8 26. Nf4 Qf6 27. Bc1 Ne6
28. Nh5 Qe7 29. Re2 Qg5 30. Nf4 Nxf4 31. exf4 Qh5 32. Bd2 Re7 33. Rxe7 Bxe7 34.
Be3 Re8 35. Qd2 Bh4 36. Bc2 Qf7 37. Bf2 Bf6 38. Re1 Bg6 39. Rxe8+ Qxe8 40. Qe3
Qxe3 41. Bxe3 Kg8 42. Bd3 Bh4 43. b5 Be1 44. bxc6 bxc6 45. Ba6 Be8 46. Bc8 g6
47. Kg2 Kf7 48. Kf1 Bb4 49. Ke2 Ke7 50. Bd2 Bxd2 51. Kxd2 Bd7 52. Bb7 a5 53. h4
Kf6 54. Ke3 g5 55. fxg5+ hxg5 56. hxg5+ Kxg5 57. f4+ Kg4 58. Ba6 Kg3 59. Bd3
Kg2 60. Ba6 1/2-1/2

[Event "Division Honor  - Descenso"]
[Site "?"]
[Date "2017.04.08"]
[Round "10.17"]
[White "Hinojar Basa, Alfonso"]
[Black "Cebrian Valverde, Jose Antonio"]
[Result "1-0"]
[WhiteElo "2175"]
[BlackElo "2137"]
[PlyCount "89"]
[EventDate "2017.02.25"]
[WhiteTeam "Marcos Frechin"]
[BlackTeam "San Jose"]

1. e4 e6 2. d4 d5 3. Nc3 Bb4 4. e5 c5 5. a3 Bxc3+ 6. bxc3 Ne7 7. Nf3 Qa5 8. Bd2
Nbc6 9. Be2 Bd7 10. O-O f6 11. c4 Qc7 12. cxd5 Nxd5 13. c4 Nde7 14. exf6 gxf6
15. d5 exd5 16. cxd5 Nxd5 17. Qb3 Nce7 18. Rac1 b6 19. Rfe1 Bc6 20. Nd4 cxd4
21. Rxc6 Qxc6 22. Bb5 O-O-O 23. Bxc6 Nxc6 24. Qc4 Kb7 25. Re6 Nde7 26. Rxf6 d3
27. g3 Rd7 28. Qe4 Rd4 29. Qe6 Rhd8 30. Rf7 R8d7 31. Rxh7 R4d5 32. Kg2 a5 33.
h4 b5 34. h5 b4 35. axb4 axb4 36. h6 b3 37. Rg7 Nd4 38. Qe1 Ndf5 39. Qb1 Nxg7
40. Qxb3+ Kc6 41. Qa4+ Kd6 42. hxg7 Ke6 43. Qf4 Rd8 44. Qf8 Ng6 45. g8=Q+ 1-0

[Event "Division Honor  - Descenso"]
[Site "?"]
[Date "2017.04.08"]
[Round "10.18"]
[White "Gutierrez Mingueza, Ruben"]
[Black "Sancho Cortes, Miguel Angel"]
[Result "1-0"]
[WhiteElo "2068"]
[BlackElo "2063"]
[PlyCount "89"]
[EventDate "2017.02.25"]
[WhiteTeam "San Jose"]
[BlackTeam "Marcos Frechin"]

1. d4 f5 2. c4 Nf6 3. g3 g6 4. Bg2 Bg7 5. Nf3 d6 6. O-O O-O 7. Nc3 c6 8. b3 Qa5
9. Bb2 e5 10. e3 e4 11. Nd2 Be6 12. a3 Nbd7 13. b4 Qd8 14. a4 a6 15. b5 c5 16.
Ne2 g5 17. f3 exf3 18. Bxf3 Qc7 19. Qb3 a5 20. Bg2 Rae8 21. d5 Bf7 22. Rxf5 Bg6
23. Rxg5 Bh6 24. Rxg6+ hxg6 25. Nf4 Bxf4 26. exf4 Rf7 27. Bh3 Nf8 28. Qc3 Qe7
29. Nf1 Rh7 30. Be6+ Nxe6 31. dxe6 Ne4 32. Qe3 Qxe6 33. Rc1 b6 34. Qd3 Qf5 35.
Ne3 Qh3 36. Rc2 Qe6 37. Nd5 Kf8 38. Re2 Qf5 39. Nxb6 Nxg3 40. Qxd6+ Rhe7 41.
hxg3 Qb1+ 42. Kg2 Kf7 43. Be5 Rg8 44. Nd5 Re6 45. Qd7+ 1-0

[Event "Division Honor  - Descenso"]
[Site "?"]
[Date "2017.04.08"]
[Round "10.19"]
[White "Ciriano Lamban, Alejandro"]
[Black "Gimeno Oteo, Marco Antonio"]
[Result "1-0"]
[WhiteElo "2012"]
[BlackElo "2071"]
[PlyCount "109"]
[EventDate "2017.02.25"]
[WhiteTeam "Marcos Frechin"]
[BlackTeam "San Jose"]

1. b3 Nf6 2. Bb2 d6 3. d4 g6 4. Nf3 Bg7 5. c4 O-O 6. Nbd2 e5 7. dxe5 Ng4 8. h3
Nxe5 9. Nxe5 dxe5 10. e3 Qe7 11. Qc2 Nc6 12. a3 Bf5 13. e4 Be6 14. Nf3 f5 15.
Bd3 Kh8 16. O-O-O Rad8 17. Rhe1 f4 18. Kb1 Nd4 19. Nxd4 exd4 20. h4 Be5 21. h5
g5 22. f3 c5 23. Qd2 h6 24. Qa5 b6 25. Qd2 Rc8 26. Rc1 Rg8 27. Rg1 Rg7 28. Rgf1
Qf7 29. Rh1 Rcg8 30. Rcf1 Qc7 31. Bc1 a6 32. Qc2 Rb8 33. Ka1 b5 34. Bb2 Qd6 35.
Rc1 Rc7 36. Rhd1 b4 37. a4 Bd7 38. Qb1 Rcb7 39. Qa2 Rg8 40. Rh1 Be8 41. Rcg1
Rbg7 42. Qb1 g4 43. Be2 g3 44. Rh3 Rg5 45. Rgh1 Kh7 46. Qd3 Bf7 47. Bc1 Rf8 48.
Bxf4 Be6 49. Bxe5 Qxe5 50. Rh4 Rf4 51. Ka2 Kg7 52. Kb1 Rxh4 53. Rxh4 Qf6 54. f4
Re5 55. Qxg3+ 1-0

[Event "Division Honor  - Descenso"]
[Site "?"]
[Date "2017.04.08"]
[Round "10.20"]
[White "Palomar Ramon, Santiago"]
[Black "Fabre Perez, Jose Maria"]
[Result "1/2-1/2"]
[WhiteElo "1944"]
[BlackElo "1978"]
[PlyCount "106"]
[EventDate "2017.02.25"]
[WhiteTeam "San Jose"]
[BlackTeam "Marcos Frechin"]

1. e4 e6 2. d4 d5 3. e5 c5 4. c3 Nc6 5. Nf3 Bd7 6. Be2 Nge7 7. O-O Nf5 8. Be3
Qb6 9. Qd2 Nxe3 10. fxe3 Be7 11. Na3 f6 12. exf6 Bxf6 13. Kh1 O-O 14. Nc2 Ne7
15. Nce1 Qc7 16. Nd3 b6 17. Nde5 Be8 18. Bd3 Nc6 19. Qc2 g6 20. Ng4 Qg7 21. e4
cxd4 22. Nxf6+ Qxf6 23. Nxd4 Nxd4 24. Rxf6 Nxc2 25. Rxf8+ Kxf8 26. Bxc2 dxe4
27. Bxe4 Rd8 28. a4 Bxa4 29. Bf3 Bb5 30. Rxa7 Rd2 31. Rxh7 Rxb2 32. h3 Rb3 33.
Rc7 Bd3 34. c4 e5 35. Bd5 e4 36. Rf7+ Ke8 37. Ra7 e3 38. Ra1 e2 39. Kg1 Bc2 40.
Kf2 Bd1 41. Ke1 Rb2 42. Rc1 Kd7 43. Be4 g5 44. Rb1 Rxb1 45. Bxb1 Kd6 46. Bf5
Ke5 47. Bg4 Kd4 48. Be6 Bb3 49. g3 Ke3 50. h4 gxh4 51. gxh4 Kf4 52. Kxe2 b5 53.
cxb5 Bxe6 1/2-1/2

[Event "Division Honor  - Descenso"]
[Site "?"]
[Date "2017.04.08"]
[Round "10.21"]
[White "Llanes Luno, Ricardo"]
[Black "Baquedano Coarasa, Pablo"]
[Result "1-0"]
[WhiteElo "2156"]
[BlackElo "2214"]
[PlyCount "77"]
[EventDate "2017.02.25"]
[WhiteTeam "Delicias"]
[BlackTeam "Palacio de Pioneros"]

1. e4 c5 2. Nf3 d6 3. d4 cxd4 4. Nxd4 Nf6 5. Nc3 a6 6. f4 e5 7. Nf3 Nbd7 8. a4
Qc7 9. Bd3 b6 10. O-O Be7 11. Kh1 O-O 12. Qe2 Bb7 13. Nh4 d5 14. Nf5 Bb4 15.
exd5 Bxc3 16. d6 Qc5 17. bxc3 e4 18. Ne7+ Kh8 19. Bc4 Qxd6 20. Nf5 Qc7 21. Rd1
Nc5 22. Be3 Rad8 23. a5 b5 24. Rxd8 Rxd8 25. Bxf7 Rd7 26. Ba2 Na4 27. Be6 Qxc3
28. Rd1 Rxd1+ 29. Qxd1 Qc7 30. Bd4 Qd8 31. Qa1 Bc6 32. g4 e3+ 33. Kg1 Be4 34.
Nxe3 Qe7 35. Bb3 Nc5 36. g5 Ne8 37. Qa3 Qd7 38. Qxc5 Nd6 39. Be5 1-0

[Event "Division Honor  - Descenso"]
[Site "?"]
[Date "2017.04.08"]
[Round "10.22"]
[White "Romero Pallares, Daniel"]
[Black "Roche Simon, Manuel Angel"]
[Result "1/2-1/2"]
[WhiteElo "2211"]
[BlackElo "2170"]
[PlyCount "120"]
[EventDate "2017.02.25"]
[WhiteTeam "Palacio de Pioneros"]
[BlackTeam "Delicias"]

1. e4 c5 2. Nf3 Nc6 3. Bb5 Qb6 4. Nc3 e6 5. Bxc6 Qxc6 6. d4 cxd4 7. Nxd4 Qc7 8.
O-O a6 9. Re1 d6 10. a4 Nf6 11. Qd3 Be7 12. Nb3 O-O 13. Bf4 e5 14. Be3 Be6 15.
a5 Rac8 16. Nd2 Qc6 17. Bg5 h6 18. Bxf6 Bxf6 19. Nf1 Bg5 20. Red1 Rcd8 21. Ne3
Bxe3 22. Qxe3 f5 23. f3 fxe4 24. fxe4 Rd7 25. h3 Rf6 26. Rd2 Kh8 27. Rad1 Bf7
28. Rf2 Rxf2 29. Qxf2 Bg6 30. Qe3 Qc7 31. Qb6 Qxb6+ 32. axb6 Kg8 33. Kf2 Kf8
34. Ke3 Bf7 35. b3 Ke7 36. Na4 Rd8 37. c4 Rc8 38. Kd3 Be6 39. Rd2 Rf8 40. Kc2
h5 41. Nc3 g5 42. Nd5+ Bxd5 43. cxd5 Rc8+ 44. Kd3 Rc5 45. Rf2 g4 46. Rf5 gxh3
47. gxh3 Rb5 48. Kc3 h4 49. Rh5 Rxb6 50. b4 a5 51. bxa5 Rb5 52. Rxh4 Rxa5 53.
Rh7+ Kf6 54. Rxb7 Ra3+ 55. Kc4 Rxh3 56. Kb5 Re3 57. Kc6 Rxe4 58. Kxd6 Rd4 59.
Rb8 Ra4 60. Kd7 e4 1/2-1/2